000 00593nam a2200217Ia 4500
005 20250508164409.0
008 008 250505s9999 xx 000 0 hin d
020 _a81-7016-214-9
037 _aTextual
040 _aFEDL
_beng
_cFEDL
041 _ahin
_2eng
084 _a891.433, BHA
_qFEDL
100 _aBhandari Mannu
245 0 _aDus pratinidhi kahaniyan
260 _aNew Delhi, India
_bKitab Ghar Parkashan
_c2007
300 _a140p.
365 _aINR
_b140
650 _aFiction - Hindi
_9778018
942 _cTEXL
_h891.433, BHA
999 _c1388934
_d1388934